000 00310nam a22001337a 4500
008 170609b xxu||||| |||| 00| 0 eng d
020 _a9780872205772
041 _aeng
080 _23 ED
_a32
100 _a19
101 _aSHP
245 _aCLASSICS MORAL POLITICAL THEORY
_cMORGAN.M.L
942 _2udc
_cBK
999 _c16637
_d16637